Cuestión de imagen : la diplomacia cultural en el siglo XXI /

Análisis de la difusión cultural desarrollada por la diplomacia en el exterior como medio para fortalecer su imagen en la escena internacional, cuyo autor enfatiza aquellos argumentos especialmente adaptables a la realidad de Argentina.

Uloženo v:
Podrobná bibliografie
Hlavní autor: Giacomino, Claudio A. (autor)
Médium: Kniha
Jazyk:španělština
Vydáno: Buenos Aires, Argentina : Biblos, 2009, c2009
Témata:
Tagy: Přidat tag
Žádné tagy, Buďte první, kdo vytvoří štítek k tomuto záznamu!

MARC

LEADER 00000nam^a2200000^a^4500
001 000315139
005 20250521000000.0
009 20260310113236.733
020 |a 978-950-786-695-1 
037 |a Acervo ITESO - Biblioteca 
041 |a ESP 
082 |a 306. 40982  |b GIA 
100 |a Giacomino, Claudio A.  |e (autor) 
245 1 0 |a Cuestión de imagen :  |b la diplomacia cultural en el siglo XXI /  |c C.A. Giacomino. 
264 4 |a Buenos Aires, Argentina :  |b Biblos,  |c 2009, c2009 
300 |a 196 p. 
336 |a texto  |b txt  |2 rdacontenido 
337 |a sin mediación  |b n  |2 rdamedio 
338 |a volumen  |b nc  |2 rdasoporte 
520 |a Análisis de la difusión cultural desarrollada por la diplomacia en el exterior como medio para fortalecer su imagen en la escena internacional, cuyo autor enfatiza aquellos argumentos especialmente adaptables a la realidad de Argentina. 
649 |a XX 
650 |a Argentina -  |x Condiciones Políticas 
650 |a Argentina -  |x Condiciones Sociales y Culturales 
650 |a Cultura -  |z Argentina -  |x Difusión -  |x Tema Principal 
650 |a Diplomacia -  |z Argentina 
650 |a Política Cultural -  |z Argentina -  |x Historia -  |y 2003-2007 -  |x Tema Principal 
650 |a Política Cultural -  |z Argentina -  |x Historia -  |y Siglo XXI 
650 |a Política Exterior -  |z Argentina -  |x Historia -  |y 2003-2007 -  |x Tema Principal 
650 |a Política Exterior -  |z Argentina -  |x Historia -  |y Siglo XXI 
910 |a Fondo General 
920 |a Impresos - Libros 
930 |a Colección General 
905 |a 101 
901 |a 0500202042  |b IT1  |c ACC  |i C125238  |u 20250521 
902 |a https://opac.biblio.iteso.mx/vufind/Record/000315139